| 000 | 00666nam a22002417a 4500 | ||
|---|---|---|---|
| 003 | UA-OsUOA | ||
| 001 | 34049 | ||
| 007 | ta | ||
| 008 | 20050921b un ||||| |||| 00| 0 ukr d | ||
| 090 |
_a(038)81'373.7=111 _bА64 |
||
| 942 | _cBK | ||
| 040 |
_aUA-OsUOA _bukr _cUA-OsUOA _dUA-OsUOA |
||
| 245 |
_aАнгло-український фразеологічний словник _cУклад. Баранцев К. Т. |
||
| 300 | _a1056 с. | ||
| 955 | _a2 | ||
| 041 | _aukr | ||
| 080 | _a(038)81'373.7=111 | ||
| 020 | _a966-620-231-Х | ||
| 260 |
_aК. _bЗнання _c2005 |
||
| 250 | _n2-ге вид., випр. | ||
| 650 | 7 | _2UDC | |
| 999 |
_c306429 _d306429 |
||